书目信息 |
| 题名: |
爱尔维修
|
|
| 作者: | 西林 , Силин 著 ;郭力军 译 | |
| 分册: | ||
| 出版信息: | 上海 上海人民出版社 1960 |
|
| 页数: | 170页 | |
| 开本: | 19cm | |
| 丛书名: | ||
| 单 册: | ||
| 中图分类: | B565.2 , B565.291 | |
| 科图分类: | ||
| 主题词: | 哲学思想--爱尔维修,C.A.--思想评论 | |
| 电子资源: | ||
| ISBN: | 2074.218 | |
| 000 | 01013nam0 2200301 450 | |
| 001 | 0160012594 | |
| 005 | 20100712203238.0 | |
| 010 | @a2074.218@dCNY0.46 | |
| 091 | @a2074.218@dCNY0.46 | |
| 100 | @a20030424d1960 em y0chiy0110 ea | |
| 101 | 1 | @achi@crus |
| 102 | @aCN@b310000 | |
| 105 | @ay z 000yy | |
| 106 | @ar | |
| 200 | 1 | @a爱尔维修@9Ai Er Wei Xiu @e十八世纪法国杰出的唯物主义哲学家@f(苏)米·阿·西林(М.А.Силин)著@g郭力军译 |
| 210 | @a上海@c上海人民出版社@d1960 | |
| 215 | @a170页@d19cm | |
| 300 | @a据苏联国际关系研究所出版社1958年版本译出 | |
| 517 | 1 | @a十八世纪法国杰出的唯物主义哲学家@9shi ba shi ji fa guo jie chu de wei wu zhu yi zhe xue jia |
| 600 | 1 | @a爱尔维修@bC.A.@x哲学思想@x思想评论 |
| 606 | 0 | @a哲学思想@x爱尔维修,C.A.@x思想评论 |
| 690 | @aB565.2@v4 | |
| 690 | @aB565.291@v4 | |
| 701 | 1 | @a西林@9xi lin@bМ.А.@4著 |
| 701 | 1 | @aСилин@bМ.А.@4著 |
| 702 | 0 | @a郭力军@9guo li jun@4译 |
| 801 | 0 | @aCN@b91MARC@c20130904 |
| 905 | @aBZT@dB565.2@e1@f1@sB565.2/1 | |
| 爱尔维修:十八世纪法国杰出的唯物主义哲学家/(苏)米·阿·西林(М.А.Силин)著/郭力军译.-上海:上海人民出版社,1960 |
| 170页;19cm |
| 据苏联国际关系研究所出版社1958年版本译出 |
| ISBN 2074.218:CNY0.46 |
| ● |
| 相关链接 |
|
|
|
正题名:爱尔维修
索取号:B565.2/1
 
预约/预借
| 序号 | 登录号 | 条形码 | 馆藏地/架位号 | 状态 | 备注 |
| 1 | 2000094961 | 2000094961 | 旧书回溯/ [索取号:B565.2/1] | 在馆 |